Ein Zeichen der Zuneigung 10 (Titelsatznr. 1344)

[ MARC ]
MARC-Details
000 -LEADER
fixed length control field 02168nam a2200553 c 4500
001 - CONTROL NUMBER
control field 1936303752
003 - CONTROL NUMBER IDENTIFIER
control field DE-627
005 - DATE AND TIME OF LATEST TRANSACTION
control field 20250930104518.0
007 - PHYSICAL DESCRIPTION FIXED FIELD--GENERAL INFORMATION
fixed length control field cr uuu---uuuuu
008 - FIXED-LENGTH DATA ELEMENTS--GENERAL INFORMATION
fixed length control field 250919s2024 xx |||||o 00| ||ger c
020 ## - INTERNATIONAL STANDARD BOOK NUMBER
International Standard Book Number 9783753925585
Terms of availability EPUB
024 7# - OTHER STANDARD IDENTIFIER
Standard number or code urn:nbn:de:gbv:18-epflicht-256062
Source of number or code urn
035 ## - SYSTEM CONTROL NUMBER
System control number (DE-627)1936303752
035 ## - SYSTEM CONTROL NUMBER
System control number (DE-599)KEP118724371
035 ## - SYSTEM CONTROL NUMBER
System control number (EPFHH)42e642c5-91e0-43a5-b24d-3e704a99aaaf
035 ## - SYSTEM CONTROL NUMBER
System control number (EPFHH-ALTRAVERSE)1045130356_9783753925585
035 ## - SYSTEM CONTROL NUMBER
System control number (DE-627-1)118724371
040 ## - CATALOGING SOURCE
Original cataloging agency DE-627
Language of cataloging ger
Transcribing agency DE-627
Description conventions rda
041 ## - LANGUAGE CODE
Language code of text/sound track or separate title ger
Language code of original jpn
072 #7 - SUBJECT CATEGORY CODE
Subject category code 9182
Source wsb
082 04 - DEWEY DECIMAL CLASSIFICATION NUMBER
Classification number 741.5
Assigning agency DE-576
245 04 - TITLE STATEMENT
Title Ein Zeichen der Zuneigung 10
Statement of responsibility, etc. suu Morishita, Diana Hesse
264 #1 - PRODUCTION, PUBLICATION, DISTRIBUTION, MANUFACTURE, AND COPYRIGHT NOTICE
Place of production, publication, distribution, manufacture Hamburg
Name of producer, publisher, distributor, manufacturer Altraverse
Date of production, publication, distribution, manufacture, or copyright notice 2024
300 ## - PHYSICAL DESCRIPTION
Extent 1 Online-Ressource (160 S.)
336 ## - CONTENT TYPE
Content type term Text
Content type code txt
Source rdacontent
337 ## - MEDIA TYPE
Media type term Computermedien
Media type code c
Source rdamedia
338 ## - CARRIER TYPE
Carrier type term Online-Ressource
Carrier type code cr
Source rdacarrier
490 0# - SERIES STATEMENT
Series statement Ein Zeichen der Zuneigung
Volume/sequential designation 10
520 ## - SUMMARY, ETC.
Summary, etc. Itsuomi und Yuki sind trotz Yukis Hörminderung zusammengezogen. Nun kann sich Itsuomi jeden Tag fürsorglich um sie kümmern, was Yuki immer stärker Schmetterlinge im Bauch beschert. Eines Tages wird ihr gemeinsamer Alltag jedoch gehörig auf den Kopf gestellt: Ein verletzter Mann liegt vor ihrer Wohnungstür! Er ist für Itsuomi kein Unbekannter …
583 1# - ACTION NOTE
Action Archivierung/Langzeitarchivierung gewährleistet
Authorization PEHH
Action agent DE-576
Source of term pdager
Institution to which field applies DE-18
650 #4 - SUBJECT ADDED ENTRY--TOPICAL TERM
Topical term or geographic name entry element Gebärdensprache
650 #4 - SUBJECT ADDED ENTRY--TOPICAL TERM
Topical term or geographic name entry element Shojo
650 #4 - SUBJECT ADDED ENTRY--TOPICAL TERM
Topical term or geographic name entry element Universität
650 #4 - SUBJECT ADDED ENTRY--TOPICAL TERM
Topical term or geographic name entry element Romance
650 #4 - SUBJECT ADDED ENTRY--TOPICAL TERM
Topical term or geographic name entry element Sprache
650 #4 - SUBJECT ADDED ENTRY--TOPICAL TERM
Topical term or geographic name entry element Fremde Länder
650 #4 - SUBJECT ADDED ENTRY--TOPICAL TERM
Topical term or geographic name entry element Manga
650 #4 - SUBJECT ADDED ENTRY--TOPICAL TERM
Topical term or geographic name entry element Reisen
650 #4 - SUBJECT ADDED ENTRY--TOPICAL TERM
Topical term or geographic name entry element Fremdsprachen
951 ## - EQUIVALENCE OR CROSS-REFERENCE--GEOGRAPHIC NAME/AREA NAME [OBSOLETE] [CAN/MARC only]
Geographic name BO
700 1# - ADDED ENTRY--PERSONAL NAME
Personal name Morishita, suu
Relator term VerfasserIn
Relationship aut
700 1# - ADDED ENTRY--PERSONAL NAME
Personal name Hesse, Diana
Relator term ÜbersetzerIn
Relationship trl
776 1# - ADDITIONAL PHYSICAL FORM ENTRY
International Standard Book Number 9783753925578
776 1# - ADDITIONAL PHYSICAL FORM ENTRY
International Standard Book Number 9783753925585
776 08 - ADDITIONAL PHYSICAL FORM ENTRY
Relationship information Erscheint auch als
Note Druck-Ausgabe
International Standard Book Number 9783753925578
776 08 - ADDITIONAL PHYSICAL FORM ENTRY
Relationship information Erscheint auch als
Note Druck-Ausgabe
International Standard Book Number 9783753925585
856 40 - ELECTRONIC LOCATION AND ACCESS
Uniform Resource Identifier <a href="https://nbn-resolving.org/urn:nbn:de:gbv:18-epflicht-256062">https://nbn-resolving.org/urn:nbn:de:gbv:18-epflicht-256062</a>
Contact for access assistance X:EPF
Electronic format type application/epub+zip
Public note lizenzpflichtig
942 ## - ADDED ENTRY ELEMENTS (KOHA)
Source of classification or shelving scheme Dewey Decimal Classification
Koha item type Manga
Suppress in OPAC No
Exemplare
Withdrawn status Lost status Source of classification or shelving scheme Damaged status Not for loan Home library Current library Shelving location Date acquired Total checkouts Barcode Date last seen Price effective from Koha item type
    Dewey Decimal Classification     Bunte Manga Potsdam Bunte Manga Potsdam Romance Hetero 09/30/2025   1328 09/30/2025 09/30/2025 Manga

Powered by Koha